1025 1553 1524 1002 1210 1205 1549 1216 1495 1270 1629 1409 1829 1681 1252 1210 1991 1391 1985 1740 1398 1635 1411 1888 1554 1211 1907 1317 1854 1657 1235 1382 1629 1742 1168 1809 1427 1514 1295 1744 1561 1031 1575 1203 1347 1534 1726 1810 1690 1969 1033 1424 1220 1298 1341 1365 1998 1369 1746 1000 1432 1676 1450 1513 1036 1999 1257 1529 1361 1993 1870 1604 1755 1438 1545 1594 1973 1135 1755 1563 1129 1860 1984 1864 1216 1047 1215 1952 1624 1471 1829 1147 1334 1223 1931 1881 1347 1447 1129 BCNSPRNW ULIB Ver.6.0+V

เปลี่ยนเป็นภาษาไทย

Change to English
 แสดงรายละเอียดบรรณานุกรม
  กลับหน้าหลัก

Brief Record : Get Marc (ISO 2709) : E-mail record : QR code < ปิดหน้าต่าง
LEADER : 00000nam 2200000uu 4500
001    13399128376
003     ULIB
008    230707s2559||||th 000 0 tha d
020    ^a9786164135444
060 04 ^aWY150^bก451
245 00 ^aการดูแลแผลหลักฐานเชิงประจักษ์ และประสบการณ์จากผู้เชี่ยวชาญ =^bWound care for nursing : evidence base to practice /^cบรรณาธิการ จุฬาพร ประสังสิต, กาญจนา รุ่งแสงจันทร์, ยุวรัตน์ ม่วงเงิน
246 31 ^aWound care for nursing : evidence base to practice
250    ^aพิมพ์ครั้งที่ 1
260    ^aกรุงเทพฯ : ^bพี.เอ.ลีฟวิ่ง,^c2559
300    ^aIX, 346 หน้า :^bภาพประกอบ
504    ^aบรรณานุกรมท้ายเรื่อง
504    ^aดัชนีท้ายเล่ม
590    ^aGift-T-62
650  7 ^aบาดแผลและบาดเจ็บ^xการพยาบาล
650  7 ^aผู้ป่วย^xบาดแผลและบาดเจ็บ
700 0  ^aจุฬาพร ประสังสิต,^eบรรณาธิการ
700 0  ^aกาญจนา รุ่งแสงจันทร์,^eบรรณาธิการ
700 0  ^aยุวรัตน์ ม่วงเงิน,^eบรรณาธิการ
945    ^p550^l0^i009862
945    ^p550^l0^i009863
945    ^p550^l0^i009864
999    ^aประนอม เกษจรัล
รายการนี้ยังไม่มีแท็ก
คุณยังไม่ได้ล็อกอิน คุณสามารถมีกิจกรรมร่วมกับเว็บไซต์ได้ แต่ต้องล็อกอินก่อน ::
  ล็อกอิน

รายการสื่อสารสนเทศ

ลำดับที่ ประเภท เลขเรียก/บาร์โค้ด สถานที่ สถานะ
1. Book การพยาบาล
Book การพยาบาล
สถานะ=หนังสือเก่า
WY150 ก451 ฉ.1 
  Barcode: 009862
ห้องสมุดวิทยาเขตสวรรค์ประชารักษ์
►ส่วนจัดเก็บหนังสือเก่า สปร
บนชั้น
  ขอยืม
2. Book การพยาบาล
Book การพยาบาล
สถานะ=หนังสือเก่า
WY150 ก451 ฉ.2 
  Barcode: 009863
ห้องสมุดวิทยาเขตสวรรค์ประชารักษ์
►ส่วนจัดเก็บหนังสือเก่า สปร
บนชั้น
  ขอยืม
3. Book การพยาบาล
Book การพยาบาล
สถานะ=หนังสือเก่า
WY150 ก451 ฉ.3 
  Barcode: 009864
ห้องสมุดวิทยาเขตสวรรค์ประชารักษ์
►ส่วนจัดเก็บหนังสือเก่า สปร
บนชั้น
  ขอยืม

BibComment


ยังไม่เคยถูกคอมเมนท์

คอมเมนท์ทรัพยากรรายการนี้
  คอมเมนท์: การดูแลแผลหลักฐา..


 Copyright 2026. Bcnsprnw @Library